| 000 | 01526nam a2200301 a 4500 | ||
|---|---|---|---|
| 001 | 61937 | ||
| 003 | BD-RjUL | ||
| 005 | 20211209081024.0 | ||
| 008 | 170122s2007 bg a s o000 0|eng|| | ||
| 020 |
_a9845087299 _c: Tk. 500.00 Inland |
||
| 035 | _a(BD-RjUL)62062 | ||
| 040 |
_aDLC _cDLC _dDLC _dBD-RjUL _beng |
||
| 041 | 0 | _aengben | |
| 082 |
_223 _a304.6095492021 _bBAN 2007 (CS) |
||
| 110 |
_aBangladesh Bureau of Statistics. _9179266 |
||
| 245 | 1 | 0 |
_aBangladesh population census-2001 = বাংলাদেশ আদমশুমারি-২০০১ : _bCommunity series, Zila: Bandarban = কমিউনিটি সিরিজ, জেলা: বান্দরবান / _cBangladesh Bureau of Statistics. |
| 246 |
_aবাংলাদেশ আদমশুমারি-২০০১ : _bকমিউনিটি সিরিজ, জেলা: বান্দরবান |
||
| 260 |
_aDhaka : _bBangladesh Bureau of Statistics, _c2007. |
||
| 300 |
_axiv, 307 p. : _bill. ; _c28 cm. |
||
| 490 | _aCommunity series, Zila: Bandarban | ||
| 490 | _aকমিউনিটি সিরিজ, জেলা: বান্দরবান | ||
| 500 | _aPrefatory matter in Bengali and English. | ||
| 651 |
_aBangladesh _zBandarban _vcensus, 2001 _9184055 |
||
| 651 |
_aBangladesh _zBandarban _xPopulation _vStatistics _9180307 _y2001 |
||
| 830 |
_aCommunity series, Zila: Bandarban _9180308 |
||
| 830 |
_aকমিউনিটি সিরিজ, জেলা: বান্দরবান _9186154 |
||
| 942 |
_2ddc _cRAR |
||
| 999 |
_c61937 _d61937 |
||